• 首页
  • 本馆介绍
  • 公告通知
  • 最新文献
  • 馆藏检索
  • 电子资源
  • 读者导购
  • 参考咨询
  • 我的图书馆
  • 登录
  • 详细信息显示
  • 放入我的书架
  • 预约/预借图书
  • 作者相关作品
  • 分类相关作品
  • 丛书相关作品
  • 出版社相关作品

书目信息

  • 表格格式
  • 工作单格式
  • 卡片格式
题名:
从零开始学画画
    
 
作者: 杉原美由树 著 ;安忆 译
分册:   水彩色铅笔画入门
出版信息: 南京   江苏凤凰文艺出版社  2020.2
页数: 92页
开本: 20x22cm
丛书名:
单 册:
中图分类: J21 , J214.1
科图分类:
主题词: 绘画技法 , 铅笔画--绘画技法
电子资源:
ISBN: 978-7-5594-4400-4
000 01025nam 2200301 45
001 012001001046
005 20130910132230.0
010    @a978-7-5594-4400-4@dCNY48.00
099    @aCAL 012020029347
100    @a20200325d2020 em y0chiy0110 ea
101 1  @achi@cjpn
102    @aCN@b320000
105    @aa z 000yy
106    @ar
200 1  @a从零开始学画画@Acong ling kai shi xue hua hua@i水彩色铅笔画入门@f(日) 杉原美由树著@g安忆译
210    @a南京@c江苏凤凰文艺出版社@d2020.2
215    @a92页@c彩图@d20x22cm
300    @a其他题名:水彩色铅笔画入门
330    @a本书是日本超人气插画家杉原美由树创作的水彩色铅笔绘画教学图书。本书不仅介绍了水彩绘画技巧, 更教会读者如何捕捉生活中转瞬即逝的点滴美好, 更深入地回味享受自然。
517 1  @a水彩色铅笔画入门
606 0  @a绘画技法
606 0  @a铅笔画@x绘画技法
690    @aJ21@v5
690    @aJ214.1@v5
701  0 @a杉原美由树@Ashan yuan mei you shu@4著
702  0 @a安忆@Aan yi@4译
801    @aCN@b江苏凤凰@c20211018
905    @b1341999-2001@dJ21@e1291@f3
    
    从零开始学画画.水彩色铅笔画入门/(日) 杉原美由树著/安忆译.-南京:江苏凤凰文艺出版社,2020.2
    92页:彩图;20x22cm
    其他题名:水彩色铅笔画入门
    
    ISBN 978-7-5594-4400-4:CNY48.00
    本书是日本超人气插画家杉原美由树创作的水彩色铅笔绘画教学图书。本书不仅介绍了水彩绘画技巧, 更教会读者如何捕捉生活中转瞬即逝的点滴美好, 更深入地回味享受自然。
●
相关链接 在E读中查询图书 在五车中查询图书 在当当中查询图书 在豆瓣中查询图书


正题名:从零开始学画画     索取号:J21/1291         预约/预借

序号 登录号 条形码 馆藏地/架位号 状态 备注
1 1341999   213419996   第一样本阅览室/ [索取号:J21/1291] 在馆    
2 1342000   213420001   第一借阅区/ [索取号:J21/1291] 在馆    
3 1342001   213420010   第一借阅区/ [索取号:J21/1291] 在馆    
唐山师范学院图书馆 欢迎您!
大连网信软件有限公司© 版权所有